000 03351nam a22004094a 4500
005 20100908115744.0
010 _aB-413611-628
020 _a9788129115034
_c295.00
035 _aB-413611-628
037 _bUBH
082 _aS
100 _aBhagat, Sudhira
_918879
245 _aAcushla:
_bthe love story of an Indian princess and an englishman during the pre-independence period /
_cby Sudhira Bhagat
260 _aNew Delhi
_bRupa
_c2009
270 _a7/16, Ansari Road, Daryaganj
_bNew Delhi
_e110002
300 _a355p.
_c22 cm(pbk)
942 _2ddc
_cEN
_mBHA
_hS
999 _c35544
_d35544